• 首页
  • 本馆介绍
  • 公告通知
  • 最新文献
  • 馆藏检索
  • 电子资源
  • 读者导购
  • 参考咨询
  • 我的图书馆
  • 登录
  • 详细信息显示
  • 放入我的书架
  • 预约/预借图书
  • 作者相关作品
  • 分类相关作品
  • 丛书相关作品
  • 出版社相关作品

书目信息

  • 表格格式
  • 工作单格式
  • 卡片格式
题名:
发现冰臼
    
 
作者: 韩同林 著
分册:  
出版信息: 北京   华夏出版社  2004
页数: 190页
开本: 24cm
丛书名: 发现丛书
单 册:
中图分类: P512.4
科图分类:
主题词: 冰川地质学
电子资源:
ISBN: 7-5080-3525-9
000 00832oam2 2200265 450
001 002745729
005 20070807161649.01
010    @a7-5080-3525-9@dCNY28.00
100    @a20041029d2004 em y0chiy0110 ea
101 0  @achi
102    @aCN@b110000
105    @aab z 000yy
106    @ar
200 1  @a发现冰臼@Afa xian bing jiu@f韩同林著@Fhan tong lin zhu
210    @a北京@c华夏出版社@d2004
215    @a190页@d24cm
225 2  @a发现丛书@Afa xian cong shu
330    @a本书共分十一章。主要内容有:北国的冰臼、南国的冰臼、冰臼的其他记录、冰臼的成因、中国古冰川运动和全球泛大冰盖等。
461  0 @1001002745723@12001 @a发现丛书
510 1  @aMoulin Discovered@zeng
606 0  @a冰川地质学
690    @aP512.4@v4
701  0 @a韩同林@Ahan tong lin@f(1937.10~)@4著
801  0 @aCN@bNLC@c20070807
905    @dP512.4@e104@f1
    
    发现冰臼/韩同林著.-北京:华夏出版社,2004
    190页;24cm.-(发现丛书)
    
    
    ISBN 7-5080-3525-9:CNY28.00
    本书共分十一章。主要内容有:北国的冰臼、南国的冰臼、冰臼的其他记录、冰臼的成因、中国古冰川运动和全球泛大冰盖等。
●
相关链接 在E读中查询图书 在五车中查询图书 在当当中查询图书 在豆瓣中查询图书


正题名:发现冰臼     索取号:P512.4/104         预约/预借

序号 登录号 条形码 馆藏地/架位号 状态 备注
1 0853106   208531061   第二样本阅览室/ [索取号:P512.4/104] 在馆    
唐山师范学院图书馆 欢迎您!
大连网信软件有限公司© 版权所有